Decades: Presidential Birthdays - Statistics

General Stats
  • This quiz has been taken 56 times
  • The average score is 15 of 21
Answer Stats
Decade # President(s) % Correct
1730s 2 George Washington/John Adams
100%
1740s 1 Thomas Jefferson
93%
1750s 2 James Madison/James Monroe
88%
1760s 2 John Quincy Adams/Andrew Jackson
85%
1960s 1 Barack Obama
80%
1800s 4 Millard Fillmore/Franklin Pierce/Abraham Lincoln/Andrew Johnson
80%
1940s 4 Bill Clinton/George W. Bush/Donald Trump/Joe Biden
76%
1910s 4 John F. Kennedy/Richard Nixon/Gerald Ford/Ronald Reagan
76%
1820s 3 Ulysses S. Grant/Rutherford B. Hayes/Chester A. Arthur
76%
1880s 2 Franklin Roosevelt/Harry Truman
73%
1780s 2 Martin Van Buren/Zachary Taylor
73%
1890s 1 Dwight Eisenhower
71%
1850s 3 Theodore Roosevelt/William Taft/Woodrow Wilson
71%
1830s 3 James Garfield/Grover Cleveland/Benjamin Harrison
68%
1920s 2 Jimmy Carter/George H.W. Bush
68%
1790s 3 John Tyler/James Polk/James Buchanan
68%
1870s 2 Calvin Coolidge/Herbert Hoover
66%
1860s 1 Warren Harding
61%
1900s 1 Lyndon B. Johnson
56%
1840s 1 William McKinley
56%
1770s 1 William Harrison
27%
No matching quizzes found
Score Distribution
Percent of People with Each Score
Percentile by Number Answered
Your Score History
You have not taken this quiz